[Event "Sharjah op blitz"]
[Site "Sharjah"]
[Date "2014.07.09"]
[Round "4"]
[White "Mosallam, Mohammad"]
[Black "Santhosh, Purushothaman"]
[Result "0-1"]
[WhiteElo "1518"]
[BlackElo "1975"]
[PlyCount "64"]
[EventDate "2014.07.09"]
[EventType "swiss (blitz)"]
[EventRounds "9"]
[EventCountry "UAE"]
[SourceTitle "EXT 2016"]
[Source "ChessBase"]
[SourceDate "2015.10.08"]
[SourceVersion "1"]
[SourceVersionDate "2015.10.08"]
[SourceQuality "1"]

1. e4 e6 2. Qe2 c5 3. Nc3 Nc6 4. g3 d6 5. Nf3 Nf6 6. Bg2 Be7 7. d3 0-0 8. 0-0 Rb8 9. a4 a6 10. Bg5 Qc7 11. Rfe1 Re8 12. h3 h6 13. Be3 b5 14. axb5 axb5 15. Nh2 b4 16. Nd1 e5 17. f4 Nd4 18. Bxd4 cxd4 19. f5 Bb7 20. g4 d5 21. h4 dxe4 22. dxe4 Nd7 23. g5 hxg5 24. hxg5 Bxg5 25. Qg4 Bf4 26. Qe2 Rec8 27. Ng4 Qxc2 28. Qxc2 Rxc2 29. Rb1 Rbc8 30. Ndf2 Rd2 31. Nh3 Bg3 32. Red1 Rcc2 0-1

[Event "Sharjah op rapid"]
[Site "Sharjah"]
[Date "2014.07.08"]
[Round "7"]
[White "Mahmoud, Ahmed"]
[Black "Santhosh, Purushothaman"]
[Result "0-1"]
[WhiteElo "1738"]
[BlackElo "2038"]
[PlyCount "48"]
[EventDate "2014.07.05"]
[EventType "swiss (rapid)"]
[EventRounds "9"]
[EventCountry "UAE"]
[SourceTitle "CBM 161 Extra"]
[Source "ChessBase"]
[SourceDate "2014.08.29"]
[SourceVersion "1"]
[SourceVersionDate "2014.08.29"]
[SourceQuality "1"]

1. e4 e6 2. d4 d5 3. Nd2 dxe4 4. Nxe4 Nd7 5. Nf3 Ngf6 6. Bg5 Be7 7. Bxf6 Nxf6 8. Nxf6+ Bxf6 9. c3 0-0 10. Bd3 c5 11. dxc5 Qc7 12. Qc2 g6 13. h4 Qxc5 14. h5 Bg7 15. 0-0-0 b5 16. hxg6 hxg6 17. Rh2 Bb7 18. Rdh1 Bxf3 19. gxf3 b4 20. Bxg6 Qg5+ 21. Kd1 Qxg6 22. Qc1 bxc3 23. bxc3 Rfd8+ 24. Ke1 Rab8 0-1

[Event "Sharjah op rapid"]
[Site "Sharjah"]
[Date "2014.07.08"]
[Round "8"]
[White "Santhosh, Purushothaman"]
[Black "Abdulla, Abdulwahab"]
[Result "1-0"]
[WhiteElo "2038"]
[BlackElo "1872"]
[PlyCount "135"]
[EventDate "2014.07.05"]
[EventType "swiss (rapid)"]
[EventRounds "9"]
[EventCountry "UAE"]
[SourceTitle "CBM 161 Extra"]
[Source "ChessBase"]
[SourceDate "2014.08.29"]
[SourceVersion "1"]
[SourceVersionDate "2014.08.29"]
[SourceQuality "1"]

1. c4 e5 2. Nc3 Nc6 3. g3 g6 4. Bg2 Bg7 5. e4 Nge7 6. Nge2 d6 7. 0-0 0-0 8. h3 Nd4 9. d3 c6 10. Rb1 a5 11. a3 a4 12. Kh2 Nxe2 13. Qxe2 f5 14. f4 Be6 15. Be3 b6 16. Rbe1 fxe4 17. Nxe4 Nf5 18. Ng5 Bd7 19. Bf2 exf4 20. gxf4 Qf6 21. Ne4 Qxb2 22. Qxb2 Bxb2 23. Rb1 Bxa3 24. Rxb6 d5 25. cxd5 cxd5 26. Nc3 Ra5 27. Nxd5 Bd6 28. Be1 Rb5 29. Ra6 a3 30. Bc3 Bc8 31. Ra7 Be6 32. Nf6+ Rxf6 33. Bxf6 Ne3 34. Re1 Bxf4+ 35. Kg1 a2 36. Kf2 Rf5 37. Rxe3 Bb8+ 38. Ke2 Bxa7 39. Rxe6 Rxf6 40. Bd5 a1Q 41. Ra6+ Kg7 42. Rxa1 Rf2+ 43. Ke1 Bd4 44. Ra6 Rh2 45. Be6 Bc3+ 46. Kf1 Rd2 47. Rd6 Rd1+ 48. Ke2 Re1+ 49. Kf3 Bb4 50. Rc6 Rd1 51. Ke4 Re1+ 52. Kd5 Re3 53. Kd4 Rg3 54. Kc4 Ba5 55. Kb5 Bd8 56. d4 Kf8 57. d5 Ke7 58. Ra6 Rb3+ 59. Kc4 Rb7 60. Bg8 Kf8 61. Be6 Ke7 62. Kc5 Bc7 63. Kc6 Rb6+ 64. Rxb6 Bxb6 65. Kxb6 Kd6 66. Kb5 g5 67. Kc4 h5 68. Kd4 1-0